000 00326nam a22001457a 4500
003 SGT
082 _a658
_bT16F
100 _aFOSKETT, DAVID
245 _aTHE THEORY OF HOSPITALITY & CATERING
250 _a13TH
260 _aLONDON
_bHODDER EDUCATION
_c2016
300 _a393
650 _aHOTEL MANAGEMENT
942 _2ddc
_cBK
999 _c12995
_d12995